A06_高齢化率TOP100の市区町村 - Statistics

General Stats
  • This quiz has been taken 16 times
  • The average score is 67 of 100
Answer Stats
順位 都道府
県名
種類 高齢化率
(%)
市町村名 % Correct
1 群馬県 65.24 南牧村
92%
5 奈良県 60.24 御杖村
85%
17 大分県 54.61 姫島村
85%
21 福島県 53.93 三島町
85%
25 北海道 53.26 歌志内市
85%
28 愛知県 52.41 豊根村
85%
29 北海道 52.20 夕張市
85%
35 奈良県 51.80 上北山村
85%
36 徳島県 51.69 那賀町
85%
37 石川県 51.61 珠洲市
85%
40 静岡県 51.54 西伊豆町
85%
49 奈良県 50.85 天川村
85%
54 愛知県 50.65 東栄町
85%
55 鳥取県 50.60 日野町
85%
58 奈良県 50.42 野迫川村
85%
62 山口県 49.79 阿武町
85%
66 徳島県 49.36 美波町
85%
70 静岡県 49.17 南伊豆町
85%
72 石川県 49.07 穴水町
85%
79 奈良県 48.61 下北山村
85%
90 静岡県 48.02 東伊豆町
85%
9 山口県 56.40 上関町
77%
13 奈良県 55.54 川上村
77%
23 秋田県 53.66 上小阿仁村
77%
24 三重県 53.39 南伊勢町
77%
26 東京都 52.82 檜原村
77%
32 広島県 52.11 安芸太田町
77%
38 奈良県 51.58 曽爾村
77%
42 高知県 51.44 室戸市
77%
45 愛知県 51.00 設楽町
77%
52 東京都 50.74 奥多摩町
77%
56 高知県 50.52 土佐清水市
77%
57 石川県 50.42 能登町
77%
64 静岡県 49.56 川根本町
77%
82 京都府 48.44 伊根町
77%
83 京都府 48.43 南山城村
77%
86 高知県 48.23 中土佐町
77%
88 北海道 48.14 赤平市
77%
91 高知県 47.99 土佐町
77%
2 長野県 62.14 天龍村
69%
7 奈良県 58.26 東吉野村
69%
12 福島県 55.62 昭和村
69%
15 和歌山県 55.24 古座川町
69%
16 奈良県 55.22 黒滝村
69%
19 長野県 54.34 栄村
69%
27 長野県 52.46 根羽村
69%
30 鳥取県 52.19 日南町
69%
33 奈良県 51.95 吉野町
69%
46 青森県 50.92 外ヶ浜町
69%
48 高知県 50.87 東洋町
69%
53 青森県 50.72 深浦町
69%
77 和歌山県 48.71 すさみ町
69%
84 奈良県 48.26 山添村
69%
92 青森県 47.99 佐井村
69%
93 徳島県 47.91 佐那河内村
69%
95 静岡県 47.87 熱海市
69%
6 高知県 58.64 大豊町
62%
10 徳島県 55.94 上勝町
62%
11 高知県 55.62 仁淀川町
62%
18 山口県 54.54 周防大島町
62%
39 宮崎県 51.57 美郷町
62%
44 岩手県 51.01 西和賀町
62%
59 三重県 50.34 大紀町
62%
63 新潟県 49.61 阿賀町
62%
65 愛媛県 49.37 久万高原町
62%
69 広島県 49.19 神石高原町
62%
73 鳥取県 49.06 江府町
62%
74 静岡県 48.82 松崎町
62%
78 鳥取県 48.64 若桜町
62%
85 大分県 48.24 竹田市
62%
94 熊本県 47.91 五木村
62%
96 島根県 47.85 美郷町
62%
98 北海道 47.75 芦別市
62%
100 京都府 47.58 和束町
62%
8 福島県 57.28 飯舘村
54%
22 徳島県 53.86 牟岐町
54%
41 北海道 51.49 神恵内村
54%
47 京都府 50.87 笠置町
54%
51 長崎県 50.79 小値賀町
54%
60 熊本県 50.14 山都町
54%
68 鹿児島県 49.33 南大隅町
54%
71 高知県 49.08 大月町
54%
81 島根県 48.54 津和野町
54%
89 千葉県 48.06 鋸南町
54%
3 群馬県 61.46 神流町
46%
4 福島県 60.90 金山町
46%
14 青森県 55.27 今別町
46%
34 千葉県 51.93 御宿町
46%
43 北海道 51.32 上砂川町
46%
50 群馬県 50.79 下仁田町
46%
61 北海道 49.79 木古内町
46%
67 青森県 49.34 新郷村
46%
75 秋田県 48.79 藤里町
46%
80 和歌山県 48.56 紀美野町
46%
87 岩手県 48.21 葛巻町
46%
97 高知県 47.84 本山町
46%
99 福島県 47.65 川内村
46%
20 徳島県 54.34 神山町
38%
31 北海道 52.17 松前町
31%
76 北海道 48.79 福島町
31%
No matching quizzes found
Score Distribution
Percent of People with Each Score
Percentile by Number Answered
Your Score History
You have not taken this quiz